Письма (три) Пелагеи Алексеевны Философовой и Варвары Мельгуновой к Иллариону Никитичу Философову

Доступно только в Электронных читальных залах Найти на картеНа карте
RUSMARC
00004169nmc2a22002533x 450
00148d7ce10-099e-4c5c-a2ae-90a75cecafb6
00520201110133852.0
100##$a20191112l18001806k l0rusy0189 ca
1010#$arus
$afre
102##$aRU
105##$ay###
1222#$ad
2001#$aПисьма (три) Пелагеи Алексеевны Философовой и Варвары Мельгуновой к Иллариону Никитичу Философову
$j13 августа 1800 г. - 14 мая 1806 г.
$eродственного характера, о здоровье детей, о выполнении его поручений, о личных новостях, о своем желании скорее встретиться
215##$a6 л.
$d32,5х23 см
251##$cДело
300##$aПереписка. Письма Иллариону Никитичу и Пелагее Алексеевне (урожденной Барыковой) Философовым разных лиц
300##$aНа русском и французском языках
371##$aДокумент не является опубликованным и широко распространяемым
461#0$10014fc847ca-d34a-4b82-9778-496e935fadfb
$12001
$aФилософов Алексей Илларионович (1799-1874), генерал-адъютант, воспитатель великих князей Николая и Михаила Николаевичей, временный военный губернатор Петербурга
$1251
$cФонд
$1852
$j1075
462#0$10014a2d8520-e703-4df9-8574-2b1b43e87cba
$12001
$aЛичные и имущественные документы И.Н. и П.А. Философовых
$1251
$cОпись
$1852
$j3
801#0$aRU
$bРГИА
$c20191112
$gRCR
801#1$aRU
$bГлавНИВЦ
$c20191112
$2rusmarc
801#2$aRU
$bПБ им. Б.Н. Ельцина
$c20201110
$gRCR
$2rusmarc
850##$aРГИА
852##$aРГИА
$eФедеральное казенное учреждение "Российский государственный исторический архив" (РГИА)
$j115
937##$hРГИА
$d12330665
$aASBIBLIO_SCAN
035##$aRusGRCC00004480
856##$uhttp://readingroom.main.prlib.ru/item.aspx?id_node=n151110601&mode=full
Формат отображения